| 000 | 00488nam a22001577a 4500 | ||
|---|---|---|---|
| 003 | DO-SdBNP | ||
| 005 | 20171201090055.0 | ||
| 008 | 171201b 2007sp||||| |||| 00| 0 spa d | ||
| 040 |
_aBPMSU _bspa _cBPMSU |
||
| 100 |
_aXavier, Francisco Candido _d1910-2002 |
||
| 245 | 1 |
_aJesús en el hogar / _cFrancisco Candido Xavier , pelo espírito de Neio Lúcio |
|
| 260 |
_aCaracas : _bMensaje Fraternal, _c2007 |
||
| 300 |
_a218p. _c19 cm. |
||
| 942 |
_2ddc _cBK |
||
| 945 | _aInventariado, 2017/MFF | ||
| 999 |
_c13227 _d13227 |
||